Aerodyanmics of v/stol flight (Record no. 289520)
[ view plain ]
| 000 -LEADER | |
|---|---|
| fixed length control field | 00471 a2200157 4500 |
| 001 - CONTROL NUMBER | |
| control field | 54447 |
| 082 ## - DEWEY DECIMAL CLASSIFICATION NUMBER | |
| Classification number | 629.13335 MCC |
| 090 ## - LOCALLY ASSIGNED LC-TYPE CALL NUMBER (OCLC); LOCAL CALL NUMBER (RLIN) | |
| -- | 33890 |
| -- | 33890 |
| 100 ## - MAIN ENTRY--PERSONAL NAME | |
| Personal name | McCormick, Barnes W. |
| 245 ## - TITLE STATEMENT | |
| Title | Aerodyanmics of v/stol flight |
| 260 ## - PUBLICATION, DISTRIBUTION, ETC. | |
| Place of publication, distribution, etc. | Ny |
| Name of publisher, distributor, etc. | Dover Pub, NY |
| Date of publication, distribution, etc. | 1999 |
| 300 ## - PHYSICAL DESCRIPTION | |
| Extent | vii, 328 p. |
| 520 ## - SUMMARY, ETC. | |
| Summary, etc. | vertical |
| 650 ## - SUBJECT ADDED ENTRY--TOPICAL TERM | |
| Topical term or geographic name entry element | vstol; v stol; VSTOL; V STOL; V/STOL |
| 740 ## - ADDED ENTRY--UNCONTROLLED RELATED/ANALYTICAL TITLE | |
| Uncontrolled related/analytical title | vertical/or short take-off and landing |
| Medium | vertical and/or short take-off and landing |
| 942 ## - ADDED ENTRY ELEMENTS (KOHA) | |
| Institution code [OBSOLETE] | NUST-CAE |
| Call number prefix | 629.13335 MCC |
| Withdrawn status | Lost status | Damaged status | Not for loan | Collection code | Permanent Location | Current Location | Date acquired | Total Checkouts | Full call number | Barcode | Date last seen | Price effective from | Koha item type |
|---|---|---|---|---|---|---|---|---|---|---|---|---|---|
| College of Aeronautical Engineering (CAE) | College of Aeronautical Engineering (CAE) | 04/03/2017 | 629.13335 MCC | CAE78767 | 04/05/2017 | 04/05/2017 | Book |
